000
00198nam a2200085Ia 4500
008
170617s9999 xx 000 0 und d
100
_a
Dutta Satyajit
245
0
_a
Medicinal Chamistry
260
_b
Meerut Pragati
260
_c
2011
999
_c
15444
_d
15444